[Event "SVK Extraliga 2019-20"]
[Site "Slovakia"]
[Date "2019.10.19"]
[Round "1.2"]
[White "Mazur, Stefan"]
[Black "Bulski, Krzysztof"]
[Result "1/2-1/2"]
[WhiteElo "2435"]
[BlackElo "2525"]
[Annotator "TA"]
[PlyCount "27"]
[EventDate "2019.10.19"]
[EventType "team-tourn"]
[EventCountry "SVK"]
[SourceTitle "playchess.com"]
[Source "ChessBase"]
[SourceQuality "1"]
[WhiteTeam "Liptovska"]
[BlackTeam "Dunajov"]

{[%evp 9,20,16,8,0,6,6,17,13,16,0,39,39,38]} 1. e4 e5 2. Nf3 Nc6 3. Nc3 Nf6 4. Bb5 Bd6 5. d3 O-O (5... a6 6. Ba4 b5 7. Bb3 Na5 8. d4 exd4 9. Qxd4 O-O 10. Bg5 Be7 11. e5 Ne8 12. Bxe7 Qxe7 13. Nd5 {½-½ (63) Hou,Y (2658)-Ponomariov,R (2686) Shenzhen 2018}) 6. Bg5 {C48: Four Knights: 4 Bb5, replies other than 4...Bb4} a6 7. Ba4 b5 8. Bb3 Be7 9. a4 Rb8 (9... b4 $5 {[%cal Rb4c3]} 10. Bxf6 Bxf6 $11) 10. axb5 axb5 {Predecessor:} 11. h3 $146 d6 12. Be3 Be6 13. Ba2 Bxa2 14. Rxa2 {0-1 (62) Sengupta,D (2570)-Mirzoev,A (2518) Kolkata 2013} 1/2-1/2

[Event "SVK Extraliga 2019-20"]
[Site "Slovakia"]
[Date "2019.10.20"]
[Round "1.2"]
[White "Macko, Miroslav"]
[Black "Michalik, Peter"]
[Result "0-1"]
[WhiteElo "2303"]
[BlackElo "2578"]
[Annotator "ChessBase"]
[PlyCount "65"]
[EventDate "2019.10.19"]
[EventType "team-tourn"]
[EventCountry "SVK"]
[SourceTitle "playchess.com"]
[Source "ChessBase"]
[SourceQuality "1"]
[WhiteTeam "Bratislava"]
[BlackTeam "Modra"]
[WhiteTeamCountry "SVK"]
[BlackTeamCountry "CZE"]
[TimeControl "40/5400+30:1800+30"]

1. e4 {[%emt 0:00:00]} c5 {[%emt 0:00:00]} 2. Nf3 {[%emt 0:00:00]} e6 {[%emt 0:00:00]} 3. d4 {[%emt 0:00:51]} cxd4 {[%emt 0:00:00]} 4. Nxd4 {[%emt 0:00:03]} Nc6 {[%emt 0:00:00]} 5. Nc3 {[%emt 0:02:06]} Qc7 {[%emt 0:00:05]} 6. Be3 {[%emt 0:05:29]} a6 {[%emt 0:00:07]} 7. Be2 {[%emt 0:01:04]} Nf6 {[%emt 0:02:04]} 8. a3 {[%emt 0:12:47]} Be7 {[%emt 0:05:10]} 9. O-O {[%emt 0:05:38]} O-O {[%emt 0:02:03]} 10. f4 {[%emt 0:04:23]} d6 {[%emt 0:00:48]} 11. Nxc6 {[%emt 0:10:20]} bxc6 {[%emt 0:00:34]} 12. b4 {[%emt 0:01:06]} Bb7 {[%emt 0:05:25]} 13. Bd3 {[%emt 0:02:37]} Rfd8 {[%emt 0:04:27]} 14. Qe2 {[%emt 0:04:06]} c5 {[%emt 0:04:34]} 15. bxc5 {[%emt 0:03:07]} dxc5 {[%emt 0:00:19]} 16. e5 {[%emt 0:01:46]} c4 {[%emt 0:00:10]} 17. Bxc4 {[%emt 0:04:37]} Ng4 {[%emt 0:00:09]} 18. Qxg4 {[%emt 0:03:43]} Qxc4 {[%emt 0:00:06]} 19. Ne2 {[%emt 0:01:10]} g6 {[%emt 0:01:47]} 20. Ng3 {[%emt 0:22:34]} Bc5 {[%emt 0:03:49]} 21. Bxc5 {[%emt 0:03:07]} Qxc5+ {[%emt 0:00:06]} 22. Rf2 {[%emt 0:02:09]} Rd2 {[%emt 0:00:10]} 23. Raf1 {[%emt 0:00:57]} Rad8 {[%emt 0:00:31]} 24. h3 {[%emt 0:04:30]} Qe3 {[%emt 0:09:05]} 25. Nh1 {[%emt 0:01:04]} Rxc2 {[%emt 0:04:13]} 26. Qh4 {[%emt 0:00:55]} Rd4 {[%emt 0:07:34]} 27. Qe7 {[%emt 0:01:19]} Bc6 {[%emt 0:02:12]} 28. Qh4 {[%emt 0:01:46]} h5 {[%emt 0:02:48]} 29. Kh2 {[%emt 0:00:26]} Rdd2 {[%emt 0:03:08]} 30. Rxd2 {[%emt 0:00:47]} Rxd2 {[%emt 0:00:03]} 31. Rf2 {[%emt 0:00:07]} Rd1 {[%emt 0:00:07]} 32. Rc2 {[%emt 0:00:54]} Qg1+ {[%emt 0:00:10]} 33. Kg3 {[%emt 0:00:30]} 0-1

[Event "SVK Extraliga 2019-20"]
[Site "Slovakia"]
[Date "2019.10.19"]
[Round "1.3"]
[White "Tazbir, Marcin"]
[Black "Miesbauer, Jan"]
[Result "1-0"]
[WhiteElo "2529"]
[BlackElo "2390"]
[Annotator "TA"]
[PlyCount "53"]
[EventDate "2019.10.19"]
[EventType "team-tourn"]
[EventCountry "SVK"]
[SourceTitle "playchess.com"]
[Source "ChessBase"]
[SourceQuality "1"]
[WhiteTeam "Dunajov"]
[BlackTeam "Liptovska"]

{[%evp 13,53,8,12,0,6,0,0,0,0,0,0,0,0,0,28,18,28,0,62,59,85,96,88,79,87,86,343,363,346,338,490,496,481,483,640,619,1034,1011,953,920,1034,1005]} 1. c4 g6 2. Nc3 Bg7 3. g3 c5 4. Bg2 Nc6 5. e3 d6 6. Nge2 e5 7. d3 Nge7 8. Rb1 {A36: Symmetrical English vs ...g6: 4 Bg2 Bg7} (8. O-O O-O 9. b3 Rb8 10. Bb2 Be6 11. Nd5 Qd7 12. Qd2 b5 13. Rac1 f5 14. Rfd1 Rfc8 15. d4 cxd4 16. exd4 bxc4 17. dxe5 Nxe5 18. Nef4 {1-0 (38) Markowski,T (2567)-Jakovenko,D (2731) Legnica 2013}) 8... Rb8 9. b3 O-O 10. O-O {The position is equal.} Be6 11. Nd5 b5 12. Qd2 Qd7 $146 ({Predecessor:} 12... bxc4 13. dxc4 Bxd5 14. cxd5 Nb4 15. Nc3 f5 16. e4 Qc7 17. Qe2 {1-0 (41) Arvelo Leo,G (2145)-Mendez,R (2108) Santo Domingo 2016}) 13. f4 f5 14. Bb2 Bf7 15. e4 (15. Nec3 {looks sharper.} b4 16. Na4 Rfe8 17. Qf2 Rbc8 18. Rbc1) 15... Nxd5 ({Black should play} 15... b4 $11) 16. cxd5 $14 Nd4 17. fxe5 dxe5 18. Nxd4 exd4 19. b4 Rbc8 $2 {[%mdl 8192]} (19... cxb4 $16 {was worth a try.} 20. Qxb4 a5 21. Qxa5 Ra8) 20. bxc5 $18 Rxc5 21. Ba3 {[%mdl 64] [#] Skewer} Rc3 (21... Rcc8 $142 22. Bxf8 Bxf8) 22. Bxf8 {White is clearly winning.} Bxf8 23. exf5 Bxd5 24. fxg6 {And now Rxf8+! would win.} hxg6 {[#]} 25. Rxf8+ $1 {[%mdl 576] Remove Defender} Kxf8 26. Qh6+ {[%mdl 64] Double Attack} Ke7 27. Qg5+ {[%mdl 64] Double Attack. Accuracy: White = 73%, Black = 23%.} 1-0

[Event "SVK Extraliga 2019-20"]
[Site "Slovakia"]
[Date "2019.10.20"]
[Round "1.3"]
[White "Kozak, Adam"]
[Black "Rohacek, Miroslav"]
[Result "1-0"]
[WhiteElo "2512"]
[BlackElo "2222"]
[Annotator "ChessBase"]
[PlyCount "67"]
[EventDate "2019.10.19"]
[EventType "team-tourn"]
[EventCountry "SVK"]
[SourceTitle "playchess.com"]
[Source "ChessBase"]
[SourceQuality "1"]
[WhiteTeam "Modra"]
[BlackTeam "Bratislava"]
[WhiteTeamCountry "HUN"]
[BlackTeamCountry "SVK"]
[TimeControl "40/5400+30:1800+30"]

1. Nf3 {[%emt 0:00:00]} d5 {[%emt 0:00:01]} 2. c4 {[%emt 0:00:12]} d4 {[%emt 0:01:21]} 3. b4 {[%emt 0:00:13]} c5 {[%emt 0:01:10]} 4. g3 {[%emt 0:05:55]} cxb4 {[%emt 0:02:42]} 5. a3 {[%emt 0:04:02]} b3 {[%emt 0:04:33]} 6. Qxb3 {[%emt 0:00:36]} Nc6 {[%emt 0:00:14]} 7. Bg2 {[%emt 0:02:41]} Nf6 {[%emt 0:03:57]} 8. O-O {[%emt 0:01:51]} e5 {[%emt 0:07:03]} 9. d3 {[%emt 0:14:47]} Be7 {[%emt 0:00:44]} 10. Bg5 {[%emt 0:01:43]} Nd7 {[%emt 0:03:30]} 11. Bxe7 {[%emt 0:01:07]} Qxe7 {[%emt 0:00:09]} 12. Nbd2 {[%emt 0:01:40]} Nc5 {[%emt 0:02:49]} 13. Qb5 {[%emt 0:03:39]} Bd7 {[%emt 0:04:54]} 14. Nb3 {[%emt 0:04:01]} Nxb3 {[%emt 0:04:40]} 15. Qxb3 {[%emt 0:00:00]} b6 {[%emt 0:04:14]} 16. Ne1 {[%emt 0:01:51]} Rc8 {[%emt 0:03:49]} 17. Nc2 {[%emt 0:00:52]} O-O {[%emt 0:06:06]} 18. Rfe1 {[%emt 0:09:04]} Qc5 {[%emt 0:03:47]} 19. Nb4 {[%emt 0:05:12]} Na5 {[%emt 0:06:31]} 20. Qa2 {[%emt 0:03:49]} Be6 {[%emt 0:02:25]} 21. Qb2 {[%emt 0:03:02]} Rfd8 {[%emt 0:06:10]} 22. Rab1 {[%emt 0:01:29]} Qd6 {[%emt 0:06:51]} 23. Rec1 {[%emt 0:03:30]} h5 {[%emt 0:04:15]} 24. Na6 {[%emt 0:04:03]} Nc6 {[%emt 0:07:54]} 25. c5 {[%emt 0:01:39]} bxc5 {[%emt 0:01:30]} 26. Nxc5 {[%emt 0:00:02]} Ne7 {[%emt 0:02:34]} 27. Nxe6 {[%emt 0:11:21]} Qxe6 {[%emt 0:00:23]} 28. Qb7 {[%emt 0:00:18]} Rxc1+ {[%emt 0:00:45]} 29. Rxc1 {[%emt 0:00:02]} Rd7 {[%emt 0:01:31]} 30. Qb8+ {[%emt 0:04:44]} Kh7 {[%emt 0:00:08]} 31. Rc5 {[%emt 0:00:42]} f6 {[%emt 0:03:25]} 32. Be4+ {[%emt 0:00:55]} g6 {[%emt 0:02:49]} 33. Qe8 {[%emt 0:00:12]} f5 {[%emt 0:01:26]} 34. Rc6 {[%emt 0:00:42]} 1-0

[Event "SVK Extraliga 2019-20"]
[Site "Slovakia"]
[Date "2019.10.19"]
[Round "1.3"]
[White "Jurcik, Marian"]
[Black "Manik, Mikulas"]
[Result "1/2-1/2"]
[WhiteElo "2486"]
[BlackElo "2371"]
[Annotator "ChessBase"]
[PlyCount "76"]
[EventDate "2019.10.19"]
[EventType "team-tourn"]
[EventCountry "SVK"]
[SourceTitle "playchess.com"]
[Source "ChessBase"]
[SourceQuality "1"]
[WhiteTeam "Zilina"]
[BlackTeam "Prakovce"]
[TimeControl "40/5400+30:1800+30"]

1. e4 {[%emt 0:00:23]} c5 {[%emt 0:00:00]} 2. Nf3 {[%emt 0:00:52]} d6 {[%emt 0:00:07]} 3. Bb5+ {[%emt 0:00:58]} Nd7 {[%emt 0:00:19]} 4. O-O {[%emt 0:01:32]} a6 {[%emt 0:01:08]} 5. Bd3 {[%emt 0:00:15]} Ngf6 {[%emt 0:01:11]} 6. Re1 {[%emt 0:00:46]} e6 {[%emt 0:04:22]} 7. c3 {[%emt 0:01:04]} b5 {[%emt 0:06:32]} 8. Bc2 {[%emt 0:06:33]} Bb7 {[%emt 0:05:43]} 9. d4 {[%emt 0:00:27]} Be7 {[%emt 0:00:52]} 10. Nbd2 {[%emt 0:06:25]} O-O {[%emt 0:18:06]} 11. e5 {[%emt 0:07:49]} dxe5 {[%emt 0:01:30]} 12. dxe5 {[%emt 0:00:17]} Nd5 {[%emt 0:00:11]} 13. Ne4 {[%emt 0:01:23]} c4 {[%emt 0:06:17]} 14. Ng3 {[%emt 0:19:36]} Nc5 {[%emt 0:06:46]} 15. Qd4 {[%emt 0:01:44]} Nd3 {[%emt 0:07:33]} 16. Bxd3 {[%emt 0:01:00]} cxd3 {[%emt 0:00:03]} 17. Qxd3 {[%emt 0:00:50]} Nb6 {[%emt 0:00:09]} 18. Qe2 {[%emt 0:06:34]} Rc8 {[%emt 0:08:02]} 19. Be3 {[%emt 0:04:30]} Na4 {[%emt 0:00:09]} 20. Rad1 {[%emt 0:07:32]} Qc7 {[%emt 0:00:28]} 21. Bd4 {[%emt 0:00:19]} Rfd8 {[%emt 0:04:21]} 22. a3 {[%emt 0:03:37]} Qc6 {[%emt 0:09:34]} 23. Nh5 {[%emt 0:05:41]} Qc4 {[%emt 0:03:41]} 24. Qd2 {[%emt 0:04:23]} Qb3 {[%emt 0:04:21]} 25. Rb1 {[%emt 0:03:48]} a5 {[%emt 0:01:18]} 26. Qf4 {[%emt 0:02:08]} Qc2 {[%emt 0:02:01]} 27. Qg3 {[%emt 0:05:01]} Qg6 {[%emt 0:01:17]} 28. Qh3 {[%emt 0:01:39]} Be4 {[%emt 0:01:53]} 29. Nf4 {[%emt 0:03:16]} Qf5 {[%emt 0:00:01]} 30. Qxf5 {[%emt 0:00:20]} Bxf5 {[%emt 0:00:19]} 31. Ra1 {[%emt 0:00:33]} Nxb2 {[%emt 0:03:43]} 32. Bb6 {[%emt 0:00:01]} Rd7 {[%emt 0:00:45]} 33. Bxa5 {[%emt 0:00:11]} Bc5 {[%emt 0:00:57]} 34. Bb4 {[%emt 0:00:34]} Bb6 {[%emt 0:00:14]} 35. h3 {[%emt 0:04:26]} Na4 {[%emt 0:00:43]} 36. g4 {[%emt 0:00:48]} Bg6 {[%emt 0:02:05]} 37. Kg2 {[%emt 0:00:29]} Nxc3 {[%emt 0:00:59]} 38. Rac1 {[%emt 0:00:27]} Rdc7 1/2-1/2

[Event "SVK Extraliga 2019-20"]
[Site "Slovakia"]
[Date "2019.10.19"]
[Round "1.3"]
[White "Roubalik, Jakub"]
[Black "Ftacnik, Lubomir"]
[Result "0-1"]
[WhiteElo "2410"]
[BlackElo "2520"]
[Annotator "ChessBase"]
[PlyCount "68"]
[EventDate "2019.10.19"]
[EventType "team-tourn"]
[EventCountry "SVK"]
[SourceTitle "playchess.com"]
[Source "ChessBase"]
[SourceQuality "1"]
[WhiteTeam "Dubnica"]
[BlackTeam "Slovan"]
[TimeControl "40/5400+30:1800+30"]

1. d4 {[%emt 0:00:00]} Nf6 {[%emt 0:00:00]} 2. Bg5 {[%emt 0:00:05]} Ne4 {[%emt 0:05:27]} 3. Bf4 {[%emt 0:00:08]} d5 {[%emt 0:04:41]} 4. e3 {[%emt 0:00:11]} Bf5 {[%emt 0:01:35]} 5. f3 {[%emt 0:00:27]} Nd6 {[%emt 0:01:04]} 6. Nc3 {[%emt 0:09:41]} e6 {[%emt 0:02:58]} 7. Bd3 {[%emt 0:10:09]} Bg6 {[%emt 0:06:56]} 8. Nge2 {[%emt 0:04:37]} Nd7 {[%emt 0:01:57]} 9. e4 {[%emt 0:04:50]} c6 {[%emt 0:04:34]} 10. O-O {[%emt 0:04:10]} Be7 {[%emt 0:03:09]} 11. Kh1 {[%emt 0:03:09]} O-O {[%emt 0:03:15]} 12. Bg3 {[%emt 0:17:53]} dxe4 {[%emt 0:07:12]} 13. fxe4 {[%emt 0:12:00]} c5 {[%emt 0:01:27]} 14. e5 {[%emt 0:00:11]} Nf5 {[%emt 0:00:48]} 15. Bxf5 {[%emt 0:00:51]} Bxf5 {[%emt 0:00:19]} 16. d5 {[%emt 0:00:11]} Bg5 {[%emt 0:15:08]} 17. d6 {[%emt 0:07:17]} Nb6 {[%emt 0:08:06]} 18. b3 {[%emt 0:02:15]} Rc8 {[%emt 0:06:05]} 19. Bf4 {[%emt 0:02:08]} Nd7 {[%emt 0:04:07]} 20. Qd2 {[%emt 0:13:09]} Bxf4 {[%emt 0:09:10]} 21. Qxf4 {[%emt 0:04:22]} Bxc2 {[%emt 0:00:57]} 22. Ng3 {[%emt 0:01:29]} Bg6 {[%emt 0:03:55]} 23. h4 {[%emt 0:01:29]} f6 {[%emt 0:01:40]} 24. h5 {[%emt 0:00:20]} Bd3 {[%emt 0:00:40]} 25. Rfe1 {[%emt 0:00:37]} Nxe5 {[%emt 0:00:58]} 26. Rad1 {[%emt 0:00:13]} c4 {[%emt 0:02:02]} 27. Rxe5 {[%emt 0:00:52]} fxe5 {[%emt 0:00:39]} 28. Qxe5 {[%emt 0:00:02]} Qf6 {[%emt 0:01:58]} 29. Qxf6 {[%emt 0:00:15]} gxf6 {[%emt 0:00:02]} 30. bxc4 {[%emt 0:00:07]} Bxc4 {[%emt 0:00:12]} 31. Nge4 {[%emt 0:00:59]} f5 {[%emt 0:02:11]} 32. Ng5 {[%emt 0:01:21]} Rfd8 {[%emt 0:00:31]} 33. Nf3 {[%emt 0:00:10]} Rc5 {[%emt 0:01:02]} 34. Rd4 {[%emt 0:00:42]} Bd5 {[%emt 0:00:38]} 0-1

[Event "SVK Extraliga 2019-20"]
[Site "Slovakia"]
[Date "2019.10.19"]
[Round "1.3"]
[White "Rigo, Zsolt"]
[Black "Kriebel, Tadeas"]
[Result "1-0"]
[WhiteElo "2396"]
[BlackElo "2528"]
[Annotator "ChessBase"]
[PlyCount "85"]
[EventDate "2019.10.19"]
[EventType "team-tourn"]
[EventCountry "SVK"]
[SourceTitle "playchess.com"]
[Source "ChessBase"]
[SourceQuality "1"]
[WhiteTeam "Streda"]
[BlackTeam "Humenne"]
[TimeControl "40/5400+30:1800+30"]

1. e4 {[%emt 0:00:00]} e5 {[%emt 0:00:00]} 2. Nf3 {[%emt 0:00:10]} Nc6 {[%emt 0:00:00]} 3. Bb5 {[%emt 0:00:09]} a6 {[%emt 0:00:00]} 4. Ba4 {[%emt 0:00:05]} Nf6 {[%emt 0:00:00]} 5. O-O {[%emt 0:00:41]} Be7 {[%emt 0:00:09]} 6. d3 {[%emt 0:00:16]} b5 {[%emt 0:01:28]} 7. Bb3 {[%emt 0:00:29]} d6 {[%emt 0:00:05]} 8. Bd2 {[%emt 0:06:24]} Bg4 {[%emt 0:11:23]} 9. h3 {[%emt 0:05:20]} Bxf3 {[%emt 0:02:24]} 10. Qxf3 {[%emt 0:00:14]} Nd4 {[%emt 0:00:04]} 11. Qd1 {[%emt 0:01:04]} O-O {[%emt 0:01:50]} 12. Bc3 {[%emt 0:14:33]} Ne6 {[%emt 0:08:52]} 13. a3 {[%emt 0:03:59]} c5 {[%emt 0:00:45]} 14. Re1 {[%emt 0:06:37]} Qb6 {[%emt 0:11:00]} 15. Nd2 {[%emt 0:04:31]} Rfc8 {[%emt 0:25:12]} 16. Ba2 {[%emt 0:20:52]} Qb7 {[%emt 0:00:44]} 17. Nf1 {[%emt 0:00:57]} c4 {[%emt 0:00:46]} 18. Ng3 {[%emt 0:04:02]} g6 {[%emt 0:01:57]} 19. dxc4 {[%emt 0:02:35]} bxc4 {[%emt 0:00:12]} 20. Qe2 {[%emt 0:01:16]} Qc6 {[%emt 0:04:09]} 21. Rad1 {[%emt 0:00:07]} a5 {[%emt 0:01:00]} 22. Nf1 {[%emt 0:02:26]} Nf4 {[%emt 0:08:59]} 23. Qf3 {[%emt 0:00:23]} Nd7 {[%emt 0:00:21]} 24. Ne3 {[%emt 0:03:50]} Nb6 {[%emt 0:00:13]} 25. h4 {[%emt 0:05:59]} Bxh4 {[%emt 0:08:06]} 26. g3 {[%emt 0:00:05]} Nh3+ {[%emt 0:00:05]} 27. Kh2 {[%emt 0:00:34]} Ng5 {[%emt 0:00:42]} 28. Qg2 {[%emt 0:00:39]} Qxe4 {[%emt 0:02:23]} 29. Qxe4 {[%emt 0:03:08]} Bxg3+ {[%emt 0:00:11]} 30. fxg3 {[%emt 0:00:18]} Nxe4 {[%emt 0:00:04]} 31. Nd5 {[%emt 0:01:59]} Nxd5 {[%emt 0:03:01]} 32. Rxe4 {[%emt 0:00:15]} Nf6 {[%emt 0:04:05]} 33. Rxc4 {[%emt 0:04:58]} Rxc4 {[%emt 0:00:08]} 34. Bxc4 {[%emt 0:00:02]} Ng4+ {[%emt 0:00:09]} 35. Kg1 {[%emt 0:00:05]} Ne3 {[%emt 0:00:03]} 36. Bd5 {[%emt 0:00:08]} Rb8 {[%emt 0:00:45]} 37. Rd3 {[%emt 0:01:28]} Nxc2 {[%emt 0:00:13]} 38. Rf3 {[%emt 0:02:07]} Rf8 {[%emt 0:00:48]} 39. Rf6 {[%emt 0:01:33]} Kg7 {[%emt 0:00:40]} 40. Rxd6 {[%emt 0:00:47]} f6 {[%emt 0:00:04]} 41. Bxa5 {[%emt 0:32:23]} Ne3 {[%emt 0:30:11]} 42. Rd7+ {[%emt 0:00:57]} Kh8 {[%emt 0:00:04]} 43. Be6 {[%emt 0:00:54]} 1-0

[Event "SVK Extraliga 2019-20"]
[Site "Slovakia"]
[Date "2019.10.19"]
[Round "1.3"]
[White "Jakab, Bela"]
[Black "Nayhebaver, Martin"]
[Result "0-1"]
[WhiteElo "2244"]
[BlackElo "2481"]
[Annotator "ChessBase"]
[PlyCount "86"]
[EventDate "2019.10.19"]
[EventType "team-tourn"]
[EventCountry "SVK"]
[SourceTitle "playchess.com"]
[Source "ChessBase"]
[SourceQuality "1"]
[WhiteTeam "Podhajska"]
[BlackTeam "Kosice"]
[TimeControl "40/5400+30:1800+30"]

1. d4 {[%emt 0:00:00]} Nf6 {[%emt 0:00:00]} 2. c4 {[%emt 0:00:00]} e6 {[%emt 0:00:28]} 3. Nc3 {[%emt 0:00:00]} Bb4 {[%emt 0:00:24]} 4. e3 {[%emt 0:00:47]} O-O {[%emt 0:00:44]} 5. Bd3 {[%emt 0:01:19]} c5 {[%emt 0:01:08]} 6. a3 {[%emt 0:02:49]} Bxc3+ {[%emt 0:04:38]} 7. bxc3 {[%emt 0:00:06]} d6 {[%emt 0:00:38]} 8. Nf3 {[%emt 0:02:58]} Nc6 {[%emt 0:01:58]} 9. e4 {[%emt 0:11:55]} cxd4 {[%emt 0:09:31]} 10. cxd4 {[%emt 0:01:02]} e5 {[%emt 0:00:06]} 11. d5 {[%emt 0:11:06]} Nb8 {[%emt 0:05:52]} 12. O-O {[%emt 0:00:24]} Nfd7 {[%emt 0:02:06]} 13. Be3 {[%emt 0:07:55]} Na6 {[%emt 0:00:58]} 14. g3 {[%emt 0:01:54]} Ndc5 {[%emt 0:07:31]} 15. Nh4 {[%emt 0:03:46]} Bh3 {[%emt 0:02:40]} 16. Re1 {[%emt 0:02:27]} Rc8 {[%emt 0:01:02]} 17. f3 {[%emt 0:05:03]} b6 {[%emt 0:03:47]} 18. Ra2 {[%emt 0:07:48]} Rc7 {[%emt 0:07:20]} 19. Rf2 {[%emt 0:02:48]} Re8 {[%emt 0:02:55]} 20. Bc2 {[%emt 0:05:27]} Bc8 {[%emt 0:08:36]} 21. Nf5 {[%emt 0:05:13]} Bxf5 {[%emt 0:07:43]} 22. exf5 {[%emt 0:00:05]} Nb8 {[%emt 0:00:32]} 23. f4 {[%emt 0:02:26]} Nbd7 {[%emt 0:11:33]} 24. fxe5 {[%emt 0:03:10]} Rxe5 {[%emt 0:00:29]} 25. Bd4 {[%emt 0:01:05]} Rxe1+ {[%emt 0:01:23]} 26. Qxe1 {[%emt 0:00:05]} f6 {[%emt 0:03:52]} 27. g4 {[%emt 0:06:03]} Ne5 {[%emt 0:00:47]} 28. Bxe5 {[%emt 0:00:45]} Re7 {[%emt 0:01:25]} 29. Re2 {[%emt 0:02:01]} Rxe5 {[%emt 0:01:32]} 30. Rxe5 {[%emt 0:00:05]} fxe5 {[%emt 0:00:36]} 31. h4 {[%emt 0:00:32]} b5 {[%emt 0:09:11]} 32. cxb5 {[%emt 0:03:13]} Qb6 {[%emt 0:00:41]} 33. Qf1 {[%emt 0:02:06]} Nd3+ {[%emt 0:01:13]} 34. Kh2 {[%emt 0:02:12]} Nf4 {[%emt 0:00:04]} 35. Be4 {[%emt 0:02:23]} Qe3 {[%emt 0:00:36]} 36. Bg2 {[%emt 0:00:36]} Qd2 {[%emt 0:00:42]} 37. g5 {[%emt 0:00:49]} e4 {[%emt 0:00:48]} 38. a4 {[%emt 0:01:22]} Nxg2 {[%emt 0:00:47]} 39. Kg3 {[%emt 0:02:42]} Ne3 {[%emt 0:01:09]} 40. Qh3 {[%emt 0:01:11]} Nc4 {[%emt 0:01:32]} 41. Qg4 {[%emt 0:30:36]} Qe1+ {[%emt 0:30:25]} 42. Kh2 {[%emt 0:00:19]} Ne5 {[%emt 0:00:00]} 43. Qh5 {[%emt 0:00:00]} g6 {[%emt 0:00:00]} 0-1

[Event "SVK Extraliga 2019-20"]
[Site "Slovakia"]
[Date "2019.10.19"]
[Round "1.4"]
[White "Malinovsky, Karel"]
[Black "Motuz, Karol"]
[Result "1/2-1/2"]
[WhiteElo "2478"]
[BlackElo "2359"]
[Annotator "ChessBase"]
[PlyCount "89"]
[EventDate "2019.10.19"]
[EventType "team-tourn"]
[EventCountry "SVK"]
[SourceTitle "playchess.com"]
[Source "ChessBase"]
[SourceQuality "1"]
[WhiteTeam "Slovan"]
[BlackTeam "Dubnica"]
[TimeControl "40/5400+30:1800+30"]

1. e4 {[%emt 0:00:00]} e5 {[%emt 0:00:00]} 2. Nf3 {[%emt 0:00:00]} Nc6 {[%emt 0:00:00]} 3. Bb5 {[%emt 0:00:00]} a6 {[%emt 0:00:11]} 4. Ba4 {[%emt 0:00:00]} Nf6 {[%emt 0:00:31]} 5. O-O {[%emt 0:00:05]} Nxe4 {[%emt 0:01:25]} 6. d4 {[%emt 0:00:15]} b5 {[%emt 0:00:15]} 7. Bb3 {[%emt 0:00:09]} d5 {[%emt 0:00:17]} 8. dxe5 {[%emt 0:00:17]} Be6 {[%emt 0:00:11]} 9. Nbd2 {[%emt 0:01:09]} Nc5 {[%emt 0:01:35]} 10. c3 {[%emt 0:04:14]} Be7 {[%emt 0:01:11]} 11. Bc2 {[%emt 0:01:37]} d4 {[%emt 0:01:36]} 12. Nb3 {[%emt 0:01:50]} d3 {[%emt 0:02:05]} 13. Nxc5 {[%emt 0:03:57]} dxc2 {[%emt 0:00:34]} 14. Qxd8+ {[%emt 0:00:13]} Rxd8 {[%emt 0:00:04]} 15. Nxe6 {[%emt 0:00:26]} fxe6 {[%emt 0:00:24]} 16. Be3 {[%emt 0:01:49]} Rd5 {[%emt 0:05:23]} 17. Rfc1 {[%emt 0:02:31]} Nxe5 {[%emt 0:05:32]} 18. Nxe5 {[%emt 0:01:36]} Rxe5 {[%emt 0:00:03]} 19. Rxc2 {[%emt 0:00:13]} Kf7 {[%emt 0:01:39]} 20. c4 {[%emt 0:02:21]} b4 {[%emt 0:01:42]} 21. Rd1 {[%emt 0:02:22]} Rd8 {[%emt 0:08:13]} 22. Rxd8 {[%emt 0:00:09]} Bxd8 {[%emt 0:00:02]} 23. Kf1 {[%emt 0:00:26]} Bg5 {[%emt 0:03:54]} 24. Ba7 {[%emt 0:00:52]} Ra5 {[%emt 0:18:09]} 25. b3 {[%emt 0:01:32]} Ra3 {[%emt 0:02:00]} 26. f4 {[%emt 0:08:42]} Be7 {[%emt 0:07:14]} 27. Be3 {[%emt 0:08:19]} Ra5 {[%emt 0:03:36]} 28. Ke2 {[%emt 0:01:58]} Rh5 {[%emt 0:02:14]} 29. h3 {[%emt 0:02:01]} e5 {[%emt 0:11:16]} 30. Rd2 {[%emt 0:17:38]} exf4 {[%emt 0:06:14]} 31. Bxf4 {[%emt 0:00:12]} c6 {[%emt 0:00:35]} 32. Kf3 {[%emt 0:11:03]} Ke6 {[%emt 0:04:35]} 33. Re2+ {[%emt 0:04:41]} Kd7 {[%emt 0:00:53]} 34. Re5 {[%emt 0:04:59]} Rxe5 {[%emt 0:01:05]} 35. Bxe5 {[%emt 0:00:06]} g6 {[%emt 0:00:40]} 36. Ke4 {[%emt 0:00:13]} Ke6 {[%emt 0:00:27]} 37. Bd4 {[%emt 0:01:11]} c5 {[%emt 0:08:37]} 38. Be3 {[%emt 0:01:30]} Bf8 {[%emt 0:00:45]} 39. Bc1 {[%emt 0:00:31]} Bd6 {[%emt 0:01:39]} 40. a3 {[%emt 0:02:12]} bxa3 {[%emt 0:01:52]} 41. Bxa3 {[%emt 0:30:53]} h5 {[%emt 0:31:17]} 42. Bc1 {[%emt 0:00:52]} Bf8 {[%emt 0:00:00]} 43. Bf4 {[%emt 0:00:00]} Be7 {[%emt 0:00:00]} 44. g4 {[%emt 0:00:00]} hxg4 {[%emt 0:00:00]} 45. hxg4 {[%emt 0:00:00] Ke5+} 1/2-1/2